000 01289nam0a22002771 4500
001 rc\2323746
005 20260407094634.0
035 _a(NLR Aleph) 006580207
090 _a7037612
_c7037612
100 _a20110829d1977 |||y0rusy50 ca
101 0 _arus
102 _aRU
105 _aa z |||||
200 1 _aМетодические рекомендации по построению структурно-функциональных моделей сельскохозяйственных предприятий и их производственных подразделений
_fУкр. НИИ экономики и орг. сел. хоз-ва имени А.Г. Шлихтера
210 _aКиев
_cБ. и.
_d1977
215 _a58 с.
_cил.
_d20
300 _aНа обороте тит. л. сост.: к. т. н. Б.К. Скирта
320 _aБиблиогр.: с. 56-57
702 1 _aСкирта
_bБ.К.
_4220
712 0 2 _aУкраинский НИИ экономики и организации сельского хозяйства им. А. Г. Шлихтера
_cКиев
_3RU\NLR\AUTH\889920382
_9336958
801 0 _aRU
_bNLR
_gpsbo
801 1 _aRU
_bELAR
_2rusmarc
852 _aNLR
_j78-4/11211
899 _aRuMoRGB
_jM 78-11/1321
942 _cBOOK
980 _aNB